000 00604nam a22002297a 4500
003 UA-OsUOA
001 95839
007 ta
008 20130311b un ||||| |||| 00| 0 ukr d
100 _aИрвинг В.
090 _a821.111
_bИ77
942 _cBK
040 _aUA-OsUOA
_brus
_cUA-OsUOA
_dUA-OsUOA
245 _aЖизнь Магомета
300 _a286 с.
955 _a3
041 _arus
080 _a821.111
260 _aСтаврополь
_bКавказкий край
_c1992
650 7 _a82 Література. Літературознавство
_2UDC
999 _c382090
_d382090